| 000 | 00757nam a22001577a 4500 | ||
|---|---|---|---|
| 005 | 20250808115232.0 | ||
| 008 | 250808b |||||||| |||| 00| 0 eng d | ||
| 050 |
_aTHE HG 4026 .A24 2025 _bC.1 |
||
| 100 | _aAgembe, Akali James | ||
| 245 | _aCapital Structure, Corporate Governance, and Financial Performance of Nonfinancial Real Sector Firms Listed at the Nairobi Securities Exchange, Kenya | ||
| 260 |
_aKisii _bKisii University _c2025 |
||
| 300 | _axv, 236p.:ill. | ||
| 500 | _aIncludes bibliographical references. | ||
| 650 | _a1. Corporations—Finance—Kenya. 2. Capital structure—Kenya. 3. Corporate governance—Kenya. 4. Financial performance—Kenya. 5. Nonfinancial corporations—Kenya. 6. Nairobi Securities Exchange. | ||
| 942 |
_2lcc _cREF |
||
| 999 |
_c216005 _d216005 |
||